| 000 | 00410nam a2200157Ia 4500 | ||
|---|---|---|---|
| 008 | 230917s9999||||xx |||||||||||||| ||und|| | ||
| 020 | _cRS45 | ||
| 040 |
_e1040 _aMAIN |
||
| 041 | _aEnglish | ||
| 082 | _a587 R183I | ||
| 100 | _aRashid, A | ||
| 245 | 0 | _aIntroduction to pteridophyta: Diversity and differentiation | |
| 260 |
_aNew Delhi _bVani Educational Books _c1986 |
||
| 300 | _axi, 283 p. | ||
| 942 | _cBK | ||
| 999 |
_c60973 _d60973 |
||